Microwave Beamformer Receiver Front End / (Record no. 190755)

000 -LEADER
fixed length control field 00920 a2200193 4500
003 - CONTROL NUMBER IDENTIFIER
control field NUST
005 - DATE AND TIME OF LATEST TRANSACTION
control field 20251125132414.0
040 ## - CATALOGING SOURCE
Transcribing agency Nust
082 ## - DEWEY DECIMAL CLASSIFICATION NUMBER
Classification number 621.382,ZIA
100 ## - MAIN ENTRY--PERSONAL NAME
Personal name Zia, Muhammad Saad (TCC-20)
9 (RLIN) 132067
245 ## - TITLE STATEMENT
Title Microwave Beamformer Receiver Front End /
Statement of responsibility, etc. Muhammad Saad Zia, Muhammad Faizan, Hassaan Ahmad and Jawad Ullah
260 ## - PUBLICATION, DISTRIBUTION, ETC.
Place of publication, distribution, etc. Rawalpindi
Name of publisher, distributor, etc. MCS (NUST)
Date of publication, distribution, etc. June 2012
300 ## - PHYSICAL DESCRIPTION
Extent xii, 74 p.;
505 ## - FORMATTED CONTENTS NOTE
Formatted contents note Introduction (Page-1), Antenna Design (Page-6), Phase Shifting Switch (Page-22), Wilkinson Power Combiner (Page-29), Power Combiner and Feed Network Design (Page-37), Microwave Down-Converter (Page-41), Microwave Housing (Page-60), Control Circuitry (Page-64), Beamforming / Beam Steering Results Conclusion (Page-71), Bibliography (Page-75).
650 ## - SUBJECT ADDED ENTRY--TOPICAL TERM
Topical term or geographic name entry element UG Projects
9 (RLIN) 98716
651 ## - SUBJECT ADDED ENTRY--GEOGRAPHIC NAME
Geographic name TCC-20
9 (RLIN) 131219
700 ## - ADDED ENTRY--PERSONAL NAME
Personal name Supervised by Dr. Farooq Ahmed Bhatti
9 (RLIN) 132068
942 ## - ADDED ENTRY ELEMENTS (KOHA)
Koha item type Project Report
Source of classification or shelving scheme
Holdings
Withdrawn status Lost status Source of classification or shelving scheme Damaged status Not for loan Permanent Location Current Location Shelving location Date acquired Full call number Barcode Date last seen Price effective from Koha item type Public note
          Military College of Signals (MCS) Military College of Signals (MCS) Reference 12/12/2016 621.382,ZIA MCSPTC-155 12/08/2016 12/12/2016 Project Report Almirah No. 94, Shelf No. 3
© 2023 Central Library, National University of Sciences and Technology. All Rights Reserved.